| 000 | 00774nam a2200217 a 4500 | ||
|---|---|---|---|
| 003 | 0 | ||
| 005 | 20250312140219.0 | ||
| 008 | 080728s19uu xx 00 eng d | ||
| 050 |
_aPGS LB 3060.33 _b.C559 2008 |
||
| 100 | _aChun, Yo Han. | ||
| 245 |
_aLevel of test anxiety of Korean and Filipino students / _cYo Han Chun. |
||
| 260 |
_aLas PiƱas City, Philippines : _bSouthville International School and Colleges, _c2008. |
||
| 300 |
_a20 pages : _billustrations ; _c28 cm. |
||
| 504 | _aIncludes bibliographical references. | ||
| 650 | _aTest anxiety. | ||
| 650 |
_aAcademic achievement _vPsychological aspects. |
||
| 650 |
_aStudents _vPsychology. |
||
| 650 |
_aKorean students _vPsychology. |
||
| 650 |
_aFilipino students _vPsychology. |
||
| 942 |
_2lcc _cPASS |
||
| 999 |
_c97949 _d97949 |
||